| 000 | 00350nam a2200145Ia 4500 | ||
|---|---|---|---|
| 008 | 230312s9999||||xx |||||||||||||| ||und|| | ||
| 020 | _a0-470-04994-5 | ||
| 082 |
_a005.57 _bSLO-O |
||
| 100 | _aBrualdi;Richard | ||
| 245 | 0 | _aIntroductory Combinatorics | |
| 260 |
_bWiley _aUSA _c2007 |
||
| 300 | _a454 | ||
| 650 |
_aComputer _vComputer |
||
| 942 | _cBK | ||
| 999 |
_c15124 _d15124 |
||